00350nam a2200145Ia 4500008004100000020001500041041000800056082001600064100001800080245002300098250000600121260004000127300001100167650002600178210716s2009 xx 000 0 und d a8131602923 aeng a158.35 MCLJ aMcleod, John. aCounselling skills a1 aNew DelhibRawat Publicationsc2009 aix,281 aCounseling & Coaching